000 00303nam a22001337a 4500
008 170904b xxu||||| |||| 00| 0 eng d
020 _a9780534443047
041 _aeng
080 _a070
100 _a40
101 _aMED
245 _aINVITATION PUBLIC SPEAKING
_cGRIIFIN TH
942 _2udc
_cBK
999 _c26006
_d26006